| 000 | 01296nam a2200325 4500 | ||
|---|---|---|---|
| 003 | EG-GICUC | ||
| 005 | 20260121101156.0 | ||
| 008 | 251108s1996 ua ||||fr|||| 00| 0 ara d | ||
| 017 | _a19965106 | ||
| 020 | _a9770416991 | ||
| 040 |
_a EG-GICUC _bara _c EG-GICUC _d EG-GICUC _erda |
||
| 041 | 0 | _aara | |
| 082 | 0 | 4 |
_221 _a341.84 _bا ح . ع |
| 092 | 0 | 4 | _221 |
| 099 | _aLaw1 12 341.84 ا ح . ع 1 ed- 1996 | ||
| 100 | 0 |
_aأحمد عبد الكريم سلامة _eمؤلف. |
|
| 245 | 1 | 0 |
_aعلم قاعدة التنازع والإختيار بين الشرائع : _bأصولاً ومنهجاً/ _cأحمد عبد الكريم سلامة. |
| 250 | _aالطبعة الاولى | ||
| 264 | 1 |
_aالمنصورة: _bمكتبة الجلاء الجديدة، _c1996. |
|
| 300 |
_a1289 ؛صفحة _c24 سم |
||
| 336 |
_2rda content _atext |
||
| 337 |
_2rda media _aComputer |
||
| 338 |
_2rda carrier _aOnline Resource |
||
| 504 | _aيشتمل على إرجاعات ببليوجرافية. | ||
| 546 | _aالنص أغلبه باللغة العربية مع بعض النصوص الفرنسية | ||
| 650 | 1 |
_aتنازع القوانين. _xالقانون الدولي الخاص. |
|
| 856 | 4 | 0 | _uhttps://fll.law.cu.edu.eg/fulltext/bks/B12-00473.pdf |
| 905 | _a75 | ||
| 942 |
_2ddc _n0 _cBK _e21 |
||
| 999 |
_c41699 _d41699 |
||